[Event "Ch URS (1/4 final)"]
[Site "masterchessopen.com Tbilisi (Georgia)"]
[Round "16"]
[White "Aronin Lev S (RUS)"]
[Black "Buslaev Aleksander (GEO)"]
[Result "1-0"]
[WhiteElo "2420"]
[BlackElo "2200"]

1.e4 c5 2.Nf3 d6 3.d4 cxd4 4.Nxd4 Nf6 5.Nc3 a6 6.Bg5 Nbd7 7.Bc4 h6 8.Bh4 Ne5
9.Bb3 g5 10.Bg3 e6 11.O-O Ng6 12.Qd2 Be7 13.Rad1 Nh5 14.Ba4+ Bd7 15.Bxd6 Bxd6
16.Nxe6 fxe6 17.Qxd6 b5 18.Bb3 Qe7 19.Qb6 Kf7 20.Rd6 Rhb8 21.Qd4 Bc8 22.Rd1
Rb7 23.e5 Ng7 24.Qe4 Raa7 25.Nd5 exd5 26.Qxg6+ {#r} 1-0

[Event "Olympiad"]
[Site "masterchessopen.com Munich (Germany)"]
[Round "3"]
[White "Walther Edgar (SUI)"]
[Black "Matanovic Aleksandar (SRB)"]
[Result "0-1"]
[WhiteElo "2254"]
[BlackElo "2490"]

1.e4 c5 2.Nf3 d6 3.d4 cxd4 4.Nxd4 Nf6 5.Nc3 a6 6.Bg5 Nbd7 7.Qd2 e6 8.Bc4 b5
9.Bxe6 fxe6 10.Nxe6 Qb6 11.Nd5 Qc6 12.O-O Bb7 13.Qf4 Kf7 14.Bxf6 Nxf6 15.Ng5+
Kg8 16.Nxf6+ gxf6 17.Qxf6 Qd7 18.Rad1 Re8 19.e5 Qg7 20.Qxg7+ Kxg7 21.exd6 Kf6
22.d7 Rd8 23.Rfe1 Kxg5 24.Re8 Bg7 25.Re6 Rhf8 26.Rb6 Be4 27.Rxa6 Bxc2 28.Rd5+
Rf5 29.Rd2 Rc5 {#R} 0-1

[Event "Ch Yugoslavia"]
[Site "masterchessopen.com Kragujevac (Yugoslavia)"]
[Round "0"]
[White "Gligoric Svetozar (SRB)"]
[Black "Sofrevski Jovan (MKD)"]
[Result "1-0"]
[WhiteElo "2447"]
[BlackElo "2375"]

1.e4 c5 2.Nf3 d6 3.d4 cxd4 4.Nxd4 Nf6 5.Nc3 a6 6.Bg5 Nbd7 7.Bc4 Qa5 8.Qd2 e6
9.O-O-O b5 10.Bb3 Bb7 11.Rhe1 Rc8 12.e5 dxe5 13.Bxf6 Nxf6 14.Rxe5 Bb4 15.Nxe6
fxe6 16.Rxe6+ Be7 17.Rxe7+ Kxe7 18.Qd6+ Ke8 19.Qe6+ {#r} 1-0

[Event "Olympiad (students) (team)"]
[Site "masterchessopen.com Leningrad (Russia)"]
[Round "13"]
[White "Spassky Boris V (FRA)"]
[Black "Lombardy William J (USA)"]
[Result "0-1"]
[WhiteElo "2548"]
[BlackElo "2435"]

1.e4 c5 2.Nf3 d6 3.d4 cxd4 4.Nxd4 Nf6 5.Nc3 a6 6.Bg5 Nbd7 7.Bc4 Qa5 8.Qd2 e6
9.O-O Be7 10.a3 h6 11.Be3 Ne5 12.Ba2 Qc7 ( 12...Neg4 { !? } 13.f4 Qh5 14.h3
Nxe3 15.Qxe3 g5 ) 13.Qe2 b5 14.f4 Neg4 15.h3 Nxe3 16.Qxe3 O-O 17.Rae1 { !? }
17...e5 { ! } 18.Nf5 Bxf5 19.exf5 d5 20.Qxe5 ( 20.Kh2 d4 21.Qxe5 Qxe5 22.Rxe5
Bd6 23.Ne2 Rae8 24.Rxe8 Rxe8 25.Nxd4 Re4 { = } ) 20...Bd6 21.Qe2 Bxa3 22.Nd1 {
? } ( 22.Nxd5 Nxd5 23.Bxd5 Qc5+ 24.Kh2 Qxd5 25.bxa3 Qxf5 26.c4 { = } )
22...Rae8 23.Qf3 Bc5+ 24.Kh1 Rxe1 25.Rxe1 Qa5 26.Nc3 b4 ( 26...d4 27.Ra1 )
27.Nxd5 Qxa2 28.Nxf6+ gxf6 29.Qc6 Qc4 {#R} 0-1

[Event "Ch Czechoslovakia"]
[Site "masterchessopen.com Ostrava (Czech Republic)"]
[Round "17"]
[White "Vesely Jaromir (CZE)"]
[Black "Zajic Jiri"]
[Result "1-0"]
[WhiteElo "1979"]
[BlackElo "2200"]

1.e4 c5 2.Ne2 Nf6 3.Nbc3 d6 4.d4 cxd4 5.Nxd4 a6 6.Bg5 Nbd7 7.Bc4 e6 8.O-O Ne5
9.Bb3 Qc7 10.Qe2 Be7 11.Kh1 h5 12.f4 Neg4 13.Rad1 Nh7 14.Bxe7 Qxe7 15.e5 dxe5
16.fxe5 Nf8 17.Ne4 Nxe5 18.Nf5 exf5 19.Nd6+ Qxd6 20.Rxd6 f6 21.Re1 Ke7 22.Rd5
Ng6 23.Qc4 {#r} 1-0

[Event "Ch URS (1/2 final)"]
[Site "masterchessopen.com Vilnius (Lithuania)"]
[Round "11"]
[White "Gipslis Aivars (LAT)"]
[Black "Osnos Viatcheslav (RUS)"]
[Result "1-0"]
[WhiteElo "2429"]
[BlackElo "2384"]

1.e4 c5 2.Nf3 d6 3.d4 cxd4 4.Nxd4 Nf6 5.Nc3 a6 6.Bg5 Nbd7 7.Bc4 Qa5 8.Qd2 e6
9.O-O-O b5 10.Bb3 Bb7 11.Rhe1 Rc8 12.Bxf6 gxf6 13.Kb1 Nc5 14.Qf4 Be7 15.Nd5 e5
16.Nxf6+ Kd8 17.Qf5 exd4 18.e5 Kc7 19.exd6+ Bxd6 20.Bxf7 Kb8 21.Ne8 Na4 22.Qf6
Bb4 23.Qxh8 Nxb2 24.Qxd4 Nxd1 25.Rxd1 Bc3 26.Qd6+ Ka7 27.Qe7 Rc4 28.a3 Qb6
29.Bd5 {#r} 1-0

[Event "It"]
[Site "masterchessopen.com Bucharest (Romania)"]
[Round "13"]
[White "Drimer Dolfi (ROM)"]
[Black "Mititelu Gheorghe (ROM)"]
[Result "0-1"]
[WhiteElo "2345"]
[BlackElo "2300"]

1.e4 c5 2.Nf3 d6 3.d4 cxd4 4.Nxd4 Nf6 5.Nc3 a6 6.Bg5 Nbd7 7.Bc4 Qa5 8.Qd2 e6
9.O-O-O b5 10.Bb3 Bb7 11.Rhe1 Be7 12.f4 O-O-O 13.f5 b4 14.fxe6 fxe6 15.Na4
Nxe4 16.Rxe4 Bxg5 17.Re3 Nc5 18.Nxe6 Bxe3 19.Qxe3 Nxa4 20.Nxd8 Rxd8 21.Qh3+
Kb8 22.Qxh7 Qg5+ 23.Kb1 Nc5 24.g3 Nxb3 {#R} 0-1

[Event "Olympiad (students) (team)"]
[Site "masterchessopen.com Helsinki (Finland)"]
[Round "1"]
[White "Soby Frode (DEN)"]
[Black "Hort Vlastimil (GER)"]
[Result "0-1"]
[WhiteElo "1946"]
[BlackElo "2466"]

1.e4 c5 2.Nf3 d6 3.d4 cxd4 4.Nxd4 Nf6 5.Nc3 a6 6.Bg5 Nbd7 7.Be2 b5 8.a3 Bb7
9.f3 e6 10.O-O Be7 11.Kh1 Rc8 12.Qe1 O-O 13.Bd3 Nc5 14.f4 Nxd3 15.cxd3 h6
16.Bh4 Re8 17.Rd1 Nd7 18.Bxe7 Qxe7 19.Qg3 Qf6 20.Nc2 Qg6 21.Qh3 Rc5 22.f5 exf5
23.d4 Rcc8 24.exf5 Qg5 25.Rd3 Nf6 26.Rg3 Qd2 27.Nb4 Re1 28.Rxg7+ Kf8 {#R} 0-1

[Event "Ch Czechoslovakia"]
[Site "masterchessopen.com Kosice (Czech Republic)"]
[Round "6"]
[White "Jansa Vlastimil (CZE)"]
[Black "Trapl Jindrich (CZE)"]
[Result "1-0"]
[WhiteElo "2478"]
[BlackElo "2336"]

1.e4 c5 2.Nf3 d6 3.d4 cxd4 4.Nxd4 Nf6 5.Nc3 a6 6.Bg5 Nbd7 7.Bc4 Qa5 8.Qd2 e6
9.O-O h6 10.Bh4 Be7 11.Rad1 g5 12.Bg3 Ne5 13.Bb3 Bd7 14.f4 gxf4 15.Bxf4 Ng6
16.Bxd6 Bxd6 17.Nd5 Bxh2+ 18.Kh1 Qxd2 19.Nxf6+ Ke7 20.Rxd2 Bf4 21.Rxf4 Nxf4
22.Nxd7 Nh5 23.Nc5 b6 24.Nc6+ Ke8 25.Nxa6 Ng3+ 26.Kg1 {#r} 1-0

[Event "Tournament (open)"]
[Site "masterchessopen.com La Spezia (Italy)"]
[Round "0"]
[White "Palmiotto Fiorentino (ITA)"]
[Black "Tatai Stefano (ITA)"]
[Result "0-1"]
[WhiteElo "2104"]
[BlackElo "2367"]

1.e4 c5 2.Nf3 d6 3.d4 cxd4 4.Nxd4 Nf6 5.Nc3 a6 6.Bg5 Nbd7 7.Qd2 Qc7 8.a4 e6
9.Be2 Be7 10.O-O b6 11.Kh1 Bb7 12.f3 O-O 13.Nd1 Nc5 14.Be3 d5 15.e5 Qxe5
16.Bf4 Qh5 17.g4 Qg6 18.b4 Ncd7 19.Bd3 Ne4 20.Bxe4 dxe4 21.Nf5 exf5 22.Qxd7
Bf6 23.Qxb7 Bxa1 24.Ne3 fxg4 25.Nd5 Bf6 26.fxg4 Bh4 27.g5 Qe6 28.Ne3 Rad8
29.Ng2 Bf2 30.Qxa6 e3 31.Rxf2 exf2 32.Qf1 Qg4 {#R} 0-1

[Event "Tournament"]
[Site "masterchessopen.com Kislovodsk (Russia)"]
[Round "0"]
[White "Arseniev Vladimir V (RUS)"]
[Black "Belov Lev A (RUS)"]
[Result "0-1"]
[WhiteElo "2350"]
[BlackElo "2330"]

1.e4 c5 2.Nf3 d6 3.d4 cxd4 4.Nxd4 Nf6 5.Nc3 a6 6.Bg5 Nbd7 7.Bc4 h6 8.Be3 Qc7
9.Bd5 e6 10.Bxe6 fxe6 11.Nxe6 Qc4 12.Nxf8 Nxf8 13.Qxd6 Bg4 14.f3 Rd8 15.Qg3
Ng6 16.fxg4 O-O 17.g5 Nxe4 18.Qg4 Rf4 19.Qe2 Nxc3 20.Qxc4+ Rxc4 21.bxc3 Re4
22.O-O Rxe3 23.gxh6 Rxc3 24.hxg7 Rxc2 25.Rf2 Rdd2 26.Rxd2 Rxd2 27.a4 Nh4
28.Rb1 Rxg2+ 29.Kf1 Rxg7 {#R} 0-1

[Event "It"]
[Site "masterchessopen.com Paris (France)"]
[Round "0"]
[White "Druon Roger (FRA)"]
[Black "Mazzoni Guy (FRA)"]
[Result "1-0"]
[WhiteElo "2102"]
[BlackElo "2191"]

1.e4 c5 2.Nf3 d6 3.d4 cxd4 4.Nxd4 Nf6 5.Nc3 a6 6.Bg5 Nbd7 7.Bc4 Qa5 8.Qd2 e6
9.f3 b5 10.Bb3 Bb7 11.O-O Be7 12.a3 Rc8 13.Rad1 h6 14.Be3 Ne5 15.Qe2 Nc4
16.Bc1 O-O 17.f4 Rfd8 18.Kh1 Nxa3 19.e5 Ne8 20.f5 dxe5 21.fxe6 Nf6 22.exf7+
Kh8 23.Qxe5 Bd6 24.Qe6 Nh7 25.f8=Q+ Rxf8 26.Qxd6 Nc4 27.Bxc4 bxc4 28.Ne6 {#r}
1-0

[Event "Ch DDR"]
[Site "masterchessopen.com Aschersleben (Germany)"]
[Round "4"]
[White "Weber Gerhard (GER)"]
[Black "Schroeder Christoph (GER)"]
[Result "1-0"]
[WhiteElo "1895"]
[BlackElo "2220"]

1.e4 c5 2.Nf3 d6 3.d4 cxd4 4.Nxd4 Nf6 5.Nc3 a6 6.Bg5 Nbd7 7.Qf3 Qa5 8.Bd2 Qc7
9.O-O-O Ne5 10.Qg3 b5 11.f4 Nc4 12.e5 Nh5 13.Qf3 Rb8 14.Qxh5 g6 15.Qh4 h5
16.e6 Bg7 17.Nd5 Qb7 18.Nc6 Bxe6 19.Qxe7+ Qxe7 20.Ndxe7 Bxb2+ 21.Kb1 Rb7
22.Bb4 Bg7 23.Bxd6 Bf8 24.Be5 {#r} 1-0

[Event "?"]
[Site "masterchessopen.com Moscow (Russia)"]
[Round "0"]
[White "Shamkovich Leonid (USA)"]
[Black "Titenko Vladimir F (RUS)"]
[Result "1-0"]
[WhiteElo "2342"]
[BlackElo "2240"]

1.e4 c5 2.Nf3 d6 3.d4 cxd4 4.Nxd4 Nf6 5.Nc3 a6 6.Bg5 Nbd7 7.Bc4 Qa5 8.Qd2 e6
9.O-O-O b5 10.Bb3 Bb7 11.Rhe1 Rc8 12.e5 Nxe5 13.Nxe6 fxe6 14.Rxe5 dxe5 15.Bxf6
Qc7 16.Bxe5 Qf7 17.f4 Bc6 18.Qe2 Be7 19.g4 {#r} 1-0

[Event "Ch Czechoslovakia"]
[Site "masterchessopen.com Prague (Czech Republic)"]
[Round "12"]
[White "Fabian Jaroslav (SVK)"]
[Black "Pachman Ludek (GER)"]
[Result "0-1"]
[WhiteElo "2192"]
[BlackElo "2278"]

1.e4 c5 2.Nf3 d6 3.d4 cxd4 4.Nxd4 Nf6 5.Nc3 a6 6.Bg5 Nbd7 7.Bc4 g6 8.f3 Bg7
9.Qd2 h6 10.Be3 b5 11.Bb3 Bb7 12.h4 h5 13.a4 b4 14.Nd5 a5 15.Nf4 Nc5 16.Nde6
fxe6 17.Bc4 Nfd7 18.Nxg6 Bxb2 19.Bd4 Bxd4 20.Qxd4 Rg8 21.Nf4 e5 22.Qd2 exf4
23.Bxg8 e6 24.Qxd6 Qf6 25.Rd1 O-O-O {#R} 0-1

[Event "Match \"]
[Site "masterchessopen.com Prague (Czech Republic)"]
[Round "0"]
[White "Jansa Vlastimil (CZE)"]
[Black "Wheeler GW"]
[Result "1-0"]
[WhiteElo "2478"]
[BlackElo "2024"]

1.e4 c5 2.Nf3 d6 3.d4 cxd4 4.Nxd4 Nf6 5.Nc3 a6 6.Bg5 Nbd7 7.Bc4 g6 8.Qe2 Bg7
9.f4 Qc7 10.O-O-O O-O 11.Rhe1 b5 12.Bb3 e6 13.e5 dxe5 14.fxe5 Ne8 15.Be7 Nxe5
16.Bxf8 Kxf8 17.Ne4 Nc6 18.Nxc6 Qxc6 19.Qf2 a5 20.Ng5 Nf6 21.Rd8+ Ke7 22.Bd5
Nxd5 23.Rxc8 Qxc8 24.Qxf7+ Kd6 25.Rxe6+ Kc5 26.Qf2+ Kb4 27.Re4+ Qc4 28.a3+
{#r} 1-0

[Event "Ch Russia"]
[Site "masterchessopen.com Kazan (Russia)"]
[Round "0"]
[White "Belov Lev A (RUS)"]
[Black "Ruchkin Yuri (RUS)"]
[Result "1-0"]
[WhiteElo "2330"]
[BlackElo "2238"]

1.e4 c5 2.Nf3 d6 3.d4 cxd4 4.Nxd4 Nf6 5.Nc3 a6 6.Bg5 Nbd7 7.Bc4 Qa5 8.Qd2 h6
9.Bh4 e6 10.O-O-O b5 11.Bb3 Bb7 12.Rhe1 Rc8 13.Bxf6 Nxf6 14.e5 dxe5 15.Rxe5
Bd6 16.Re2 Bb4 17.Nxe6 fxe6 18.Rxe6+ Kf8 19.Qf4 Bxc3 20.Qd6+ Kg8 21.Rxf6+ Rc4
22.Qe6+ {#r} 1-0

[Event "Ch URS (team) (1/2 final)"]
[Site "masterchessopen.com Tallinn (Estonia)"]
[Round "0"]
[White "Vitolins Alvis (LAT)"]
[Black "Vooremaa Andres (EST)"]
[Result "1-0"]
[WhiteElo "2435"]
[BlackElo "2240"]

1.e4 c5 2.Nf3 d6 3.d4 cxd4 4.Nxd4 Nf6 5.Nc3 a6 6.Bg5 Nbd7 7.Bc4 Qa5 8.Qd2 e6
9.O-O-O b5 10.Bb3 Bb7 11.Rhe1 Nc5 12.Bxf6 gxf6 13.Qf4 Be7 14.Qg4 Kf8 15.Kb1 h5
16.Qh3 b4 17.Nce2 Nxe4 18.Nf4 e5 19.Nde6+ Ke8 20.Nxh5 Rg8 21.Nhg7+ Rxg7
22.Nxg7+ Kd8 23.Nf5 Nxf2 24.Qh7 Nxd1 25.Qxf7 Qc7 26.Ba4 {#r} 1-0

[Event "Ch Argentina"]
[Site "masterchessopen.com Buenos Aires (Argentina)"]
[Round "4"]
[White "Sanguinetti Raul (ARG)"]
[Black "Rodriguez Adolfo I (ARG)"]
[Result "1-0"]
[WhiteElo "2485"]
[BlackElo "2235"]

1.e4 c5 2.Nf3 d6 3.d4 cxd4 4.Nxd4 Nf6 5.Nc3 a6 6.Bg5 Nbd7 7.Bc4 g6 8.Qe2 Bg7
9.O-O-O O-O 10.h4 Qc7 11.h5 b5 12.Bb3 Bb7 13.hxg6 hxg6 14.Bh6 Ne5 15.Qd2 Nfg4
16.Bxg7 Kxg7 17.f3 Rh8 18.fxg4 Qd7 19.Nf5+ gxf5 20.Qg5+ Ng6 21.gxf5 b4 22.Bxf7
{#r} 1-0

[Event "Ch Buenos Aires"]
[Site "masterchessopen.com Buenos Aires (Argentina)"]
[Round "5"]
[White "Rubinetti Jorge (ARG)"]
[Black "Garcia Horacio"]
[Result "1-0"]
[WhiteElo "2382"]
[BlackElo "2200"]

1.e4 c5 2.Nf3 d6 3.d4 cxd4 4.Nxd4 Nf6 5.Nc3 a6 6.Bg5 Nbd7 7.Bc4 Qa5 8.Qd2 e6
9.O-O-O Be7 10.Rhe1 h6 11.Bh4 O-O 12.Kb1 Qc7 13.Bxe6 fxe6 14.Nxe6 Qb6 15.Nxf8
Nxf8 16.f4 Nxe4 17.Rxe4 Bxh4 18.Qd5+ Kh8 19.Re8 Be6 20.Qxe6 Rxe8 21.Qxe8 Kg8
22.Nd5 Qf2 23.Qe4 Nd7 24.Qe6+ {#r} 1-0

[Event "Tournament"]
[Site "masterchessopen.com Novi Sad (Yugoslavia)"]
[Round "14"]
[White "Djurovic Dejan (SRB)"]
[Black "Bogdanovic Rajko (BIH)"]
[Result "1-0"]
[WhiteElo "2305"]
[BlackElo "2308"]

1.e4 c5 2.Nf3 d6 3.d4 cxd4 4.Nxd4 Nf6 5.Nc3 a6 6.Bg5 Nbd7 7.Bc4 Qa5 8.Qd2 e6
9.O-O-O h6 10.Bh4 b5 11.Bb3 Bb7 12.Rhe1 Be7 13.Kb1 Nc5 14.e5 dxe5 15.Rxe5 b4
16.Qe2 bxc3 17.Nxe6 fxe6 18.Bxf6 Bxf6 19.Qh5+ Ke7 20.Rxe6+ Nxe6 21.Qxa5 Rhd8
22.Re1 Bc8 23.bxc3 Kf8 24.f4 Rb8 25.a4 Re8 26.f5 Ng5 27.Qc5+ Re7 28.Rxe7 Bxe7
29.Qd5 Ke8 30.h4 Rxb3+ 31.cxb3 Nf7 32.g3 {#r} 1-0

[Event "It (open)"]
[Site "masterchessopen.com San Juan (USA)"]
[Round "0"]
[White "Hoffmann Asa (USA)"]
[Black "Suarez Luis A (COL)"]
[Result "1-0"]
[WhiteElo "2288"]
[BlackElo "2210"]

1.e4 c5 2.Nf3 d6 3.d4 cxd4 4.Nxd4 Nf6 5.Nc3 a6 6.Bg5 Nbd7 7.Bc4 Qc7 8.Bb3 e6
9.O-O b5 10.Re1 Nc5 11.Nd5 Nxd5 12.exd5 e5 13.f4 e4 14.c4 f6 15.Bh4 Be7
16.cxb5 axb5 17.Rc1 Qb6 18.Bf2 Nd3 19.Rxe4 Nxc1 20.Nc6 {#r} 1-0

[Event "Olympiad (students) (team)"]
[Site "masterchessopen.com Sinaya (Romania)"]
[Round "5"]
[White "Gheorghiu Florin (ROM)"]
[Black "Pedersen Svend (DEN)"]
[Result "1-0"]
[WhiteElo "2383"]
[BlackElo "2210"]

1.e4 c5 2.Nf3 d6 3.d4 cxd4 4.Nxd4 Nf6 5.Nc3 a6 6.Bg5 Nbd7 7.Bc4 Qa5 8.Qd2 e6
9.O-O-O b5 10.Bb3 Bb7 11.Rhe1 Be7 12.f3 Nc5 13.Kb1 Qb6 14.h4 O-O 15.g4 Rfc8
16.Be3 a5 17.g5 a4 18.gxf6 Bxf6 19.Bxe6 fxe6 20.Nxe6 a3 21.Nd5 Bxd5 22.Qxd5
Kh8 23.e5 Bxh4 24.Rh1 Ra4 25.exd6 Rb4 26.Bxc5 Rxb2+ 27.Ka1 Bf6 28.Rxh7+ Kxh7
29.Rh1+ Kg8 30.Nd4+ {#r} 1-0

[Event "It (open)"]
[Site "masterchessopen.com Kiel (Germany)"]
[Date "1965.05.14"]
[Round "6"]
[White "Sawadkuhi Massoud Amir (IRI)"]
[Black "Kuehler Wolfgang (GER)"]
[Result "1-0"]
[WhiteElo "2164"]
[BlackElo "2191"]

1.e4 c5 2.Nf3 d6 3.d4 cxd4 4.Nxd4 Nf6 5.Nc3 a6 6.Bg5 Nbd7 7.Bc4 g6 8.f4 Bg7
9.Qe2 Qc7 10.O-O-O O-O 11.Bb3 b5 12.Rhe1 Bb7 13.e5 dxe5 14.fxe5 Qc5 15.Kb1 Nd5
16.Bxd5 Bxd5 17.Nf5 Bc4 18.Nxe7+ Kh8 19.Qf3 Nxe5 20.Qf6 Rfe8 21.Ne4 Qc7 22.Re3
Ng4 23.Rh3 Bxa2+ 24.Kxa2 Qc4+ 25.Kb1 Qxe4 26.Qxf7 {#r} 1-0

[Event "It (open)"]
[Site "masterchessopen.com Chicago (USA)"]
[Round "0"]
[White "Wenzel Reinhard (GER)"]
[Black "Sandrin Angelo"]
[Result "1-0"]
[WhiteElo "2244"]
[BlackElo "2160"]

1.e4 c5 2.Nf3 d6 3.d4 cxd4 4.Nxd4 Nf6 5.Nc3 a6 6.Bg5 Nbd7 7.Bc4 b5 8.Bb3 Bb7
9.Qe2 Rc8 10.O-O g6 11.Rad1 Bg7 12.f4 O-O 13.e5 Ne8 14.e6 fxe6 15.Nxe6 Qb6+
16.Kh1 d5 17.Nxf8 Bxf8 18.Rxd5 Bxd5 19.Nxd5 {#r} 1-0

[Event "Ch World (team) (students)"]
[Site "masterchessopen.com Oerebro (Sweden)"]
[Round "9"]
[White "Krantz Kjell (SWE)"]
[Black "Jamieson Peter M (SCO)"]
[Result "1-0"]
[WhiteElo "2305"]
[BlackElo "2251"]

1.e4 c5 2.Nf3 d6 3.d4 cxd4 4.Nxd4 Nf6 5.Nc3 a6 6.Bg5 Nbd7 7.Bc4 Qa5 8.Qd2 e6
9.O-O-O b5 10.Bb3 Bb7 11.Rhe1 Be7 12.Bxf6 Nxf6 13.a3 Rc8 14.f3 O-O 15.Kb1 Qc7
16.f4 d5 17.exd5 exd5 18.Nf5 Ne4 19.Nxe4 dxe4 20.Qc3 Bf6 21.Qg3 Qc5 22.Nd6 Rc7
23.Nxb7 Rxb7 24.Rxe4 a5 25.Qe3 Qh5 26.Re1 a4 27.Re8 Rb8 28.Rxb8 {#r} 1-0

[Event "It"]
[Site "masterchessopen.com Reykjavik (Iceland)"]
[Round "8"]
[White "Thorsteinsson Bjorn (ISL)"]
[Black "Olafsson Fridrik (ISL)"]
[Result "0-1"]
[WhiteElo "2214"]
[BlackElo "2434"]

1.e4 c5 2.Nf3 d6 3.d4 cxd4 4.Nxd4 Nf6 5.Nc3 a6 6.Bg5 Nbd7 7.Bc4 Qa5 8.Qd2 e6
9.O-O-O b5 10.Bb3 Bb7 11.Rhe1 O-O-O 12.f3 Be7 13.a3 Kb8 14.Kb1 Rc8 15.Na2 Qxd2
16.Bxd2 Nc5 17.Nc3 Nfd7 18.Be3 Ne5 19.Ba2 g5 20.Bf2 h5 21.Nde2 g4 22.f4 Ng6
23.Bxc5 dxc5 24.f5 Nf8 25.fxe6 fxe6 26.Rf1 c4 27.Rf7 Rh7 28.Rdf1 Bd6 29.g3 h4
30.gxh4 Rxh4 31.Rg7 Be5 32.Rg5 Bxh2 {#R} 0-1

[Event "Ch World (students)"]
[Site "masterchessopen.com Harrachov (Czech Republic)"]
[Round "0"]
[White "Espig Lutz (GER)"]
[Black "Roberts Mark (ENG)"]
[Result "1-0"]
[WhiteElo "2346"]
[BlackElo "2076"]

1.e4 c5 2.Nf3 d6 3.d4 cxd4 4.Nxd4 Nf6 5.Nc3 a6 6.Bg5 Nbd7 7.Bc4 Qa5 8.Qd2 e6
9.O-O-O b5 10.Bd5 b4 11.Bxa8 bxc3 12.bxc3 Qxa2 13.Qe2 Nb6 14.Bc6+ Bd7 15.Bxd7+
Kxd7 16.Nb3 d5 17.Rd4 Na4 18.Kd2 Nc5 19.Nxc5+ Bxc5 20.Bxf6 gxf6 21.Rd3 d4
22.cxd4 Qa5+ 23.Ke3 Bf8 24.f3 Qg5+ 25.Kf2 Rg8 26.g3 Qh6 27.Rb3 f5 28.Rb7+ Ke8
29.f4 Qf6 30.Qc4 Be7 31.e5 Qh6 32.Qc8+ {#r} 1-0

[Event "Ch World (juniors)"]
[Site "masterchessopen.com Jerusalem (Israel)"]
[Round "0"]
[White "Kaplan Lael (USA)"]
[Black "Matera Salvatore (J/U)"]
[Result "1-0"]
[WhiteElo "2230"]
[BlackElo "2425"]

1.e4 c5 2.Nf3 d6 3.d4 cxd4 4.Nxd4 Nf6 5.Nc3 a6 6.Bg5 Nbd7 7.Bc4 Qa5 8.Qd2 e6
9.O-O Be7 10.Rad1 h6 11.Bh4 Ne5 12.Be2 g5 13.Bg3 Qc7 14.f4 gxf4 15.Rxf4 Nc4
16.Bxc4 Qxc4 17.Bh4 Ng8 18.Bxe7 Nxe7 19.e5 Qc5 20.Ne4 Qxe5 21.Nf3 {#r} 1-0

[Event "It"]
[Site "masterchessopen.com Manila (Philippines)"]
[Round "8"]
[White "Aguilar Sebastian (URU)"]
[Black "Torre Eugenio (PHI)"]
[Result "0-1"]
[WhiteElo "2106"]
[BlackElo "2520"]

1.e4 c5 2.Nf3 d6 3.d4 cxd4 4.Nxd4 Nf6 5.Nc3 a6 6.Bg5 Nbd7 7.Qd2 Qc7 8.a4 e6
9.Be2 Be7 10.O-O O-O 11.f3 b6 12.Rfd1 Bb7 13.a5 b5 14.Bxb5 axb5 15.Ndxb5 Qc6
16.Nxd6 Ba6 17.Be3 Ne5 18.Bb6 Rfd8 19.Bxd8 Rxd8 20.Qg5 Qc5+ 21.Kh1 Rxd6 22.Nd5
Rxd5 23.exd5 Ne4 {#R} 0-1

[Event "Ch World (match)"]
[Site "masterchessopen.com Moscow (Russia)"]
[Round "5"]
[White "Spassky Boris V (FRA)"]
[Black "Petrosian Tigran V (ARM)"]
[Result "1-0"]
[WhiteElo "2548"]
[BlackElo "2580"]

1.e4 c5 2.Nf3 d6 3.d4 cxd4 4.Nxd4 Nf6 5.Nc3 a6 6.Bg5 Nbd7 7.Bc4 Qa5 8.Qd2 h6 {
?! } ( 8...e6 9.O-O-O b5 10.Bb3 Bb7 11.Rhe1 { ?/= } ) 9.Bxf6 { ! } 9...Nxf6
10.O-O-O e6 11.Rhe1 ( 11.Bb3 { !? } ) 11...Be7 { ? } ( 11...Bd7 12.f4 O-O-O
13.e5 d5 { ?/= } ) 12.f4 O-O 13.Bb3 Re8 14.Kb1 Bf8 15.g4 { !? } 15...Nxg4 (
15...b5 16.g5 hxg5 17.fxg5 Nh5 18.g6 fxg6 19.Qg5 { ? } ) ( 15...e5 16.fxe5
dxe5 17.Nf5 Bxf5 18.gxf5 Rad8 19.Qg2 { ± } ) 16.Qg2 Nf6 17.Rg1 Bd7 18.f5 { ! }
18...Kh8 ( { ? } 18...exf5 19.exf5 { ± } ) 19.Rdf1 Qd8 ( 19...e5 20.Ne6 { ! }
20...fxe6 21.fxe6 { +?? } ) ( 19...Qe5 { !? } 20.Nf3 Qc5 21.h4 { ? ? ?g5 } )
20.fxe6 fxe6 21.e5 { ! } 21...dxe5 22.Ne4 Nh5 ( 22...exd4 23.Nxf6 g5 24.Qh3
Re7 25.Rxg5 Bg7 26.Rxg7 Kxg7 27.Rg1+ Kxf6 28.Qh4+ Ke5 29.Qg3+ Ke4 30.Rf1 { +??
} ) ( 22...Nxe4 23.Rxf8+ Rxf8 24.Qxg7# ) 23.Qg6 { ! } 23...exd4 ( { ? }
23...Nf4 24.Rxf4 exf4 25.Nf3 { ? } ) 24.Ng5 { ! } 1-0

[Event "It"]
[Site "masterchessopen.com Nethanya (Israel)"]
[Round "4"]
[White "Damjanovic Mato (CRO)"]
[Black "Saidy Anthony F (USA)"]
[Result "1-0"]
[WhiteElo "2303"]
[BlackElo "2336"]

1.e4 c5 2.Nf3 d6 3.d4 cxd4 4.Nxd4 Nf6 5.Nc3 a6 6.Bg5 Nbd7 7.f4 Qc7 8.Qe2 g6
9.O-O-O Bg7 10.f5 b5 11.g4 Bb7 12.Bg2 Ne5 13.h4 Nexg4 14.h5 gxh5 15.Nd5 Bxd5
16.exd5 Qc4 17.Qxc4 bxc4 18.Rhe1 Bh6 19.Bxh6 Nxh6 20.Bf1 Rc8 21.Nc6 Nxf5
22.Bxc4 Rc7 23.Bxa6 Rg8 24.Bb5 Kf8 25.a4 Rg5 26.a5 Ng3 27.c4 Nfe4 28.a6 Rg8
29.a7 Kg7 30.Rxe4 Nxe4 31.Rg1+ {#r} 1-0

[Event "It"]
[Site "masterchessopen.com Nethanya (Israel)"]
[Round "13"]
[White "Peretz Malkiel (ISR)"]
[Black "Saidy Anthony F (USA)"]
[Result "1-0"]
[WhiteElo "2264"]
[BlackElo "2336"]

1.e4 c5 2.Nf3 d6 3.d4 cxd4 4.Nxd4 Nf6 5.Nc3 a6 6.Bg5 Nbd7 7.Be2 Qc7 8.O-O e6
9.Bh5 g6 10.Be2 Bg7 11.Qd2 O-O 12.Rad1 Nb6 13.Bh6 d5 14.Bxg7 Kxg7 15.exd5
Nfxd5 16.Nxd5 Nxd5 17.Bf3 Nf4 18.Nb3 Ra7 19.Qd4+ e5 20.Qxa7 Qe7 21.Rfe1 Qg5
22.Kh1 {#r} 1-0

[Event "Ch Yugoslavia"]
[Site "masterchessopen.com Novi Travnik (Yugoslavia)"]
[Round "10"]
[White "Parma Bruno (SLO)"]
[Black "Ljubojevic Ljubomir (SRB)"]
[Result "1-0"]
[WhiteElo "2480"]
[BlackElo "2571"]

1.e4 c5 2.Nf3 d6 3.d4 cxd4 4.Nxd4 Nf6 5.Nc3 a6 6.Bg5 Nbd7 7.Bc4 h6 8.Bxf6 Nxf6
9.Qe2 Qa5 10.Bb3 e6 11.f4 e5 12.Nf5 g6 13.fxe5 Qxe5 14.Ne3 Bg7 15.Nc4 Qc5
16.Na4 Qc7 17.Nab6 Rb8 18.Qd3 Be6 19.O-O-O Rd8 20.Nxd6+ Kf8 21.Bxe6 Qxb6
22.Qa3 Kg8 23.Bxf7+ Kh7 24.e5 Ng4 25.Bxg6+ Kxg6 26.Qd3+ Kh5 27.Qf5+ Kh4 28.g3+
{#r} 1-0

[Event "?"]
[Site "masterchessopen.com Tallinn (Estonia)"]
[Round "0"]
[White "Damjanovic Mato (CRO)"]
[Black "Nei Iivo (EST)"]
[Result "0-1"]
[WhiteElo "2303"]
[BlackElo "2369"]

1.e4 c5 2.Nf3 d6 3.d4 cxd4 4.Nxd4 Nf6 5.Nc3 a6 6.Bg5 Nbd7 7.Qd2 e6 8.f4 Qc7
9.O-O-O Be7 10.Be2 h6 11.h4 b5 12.Bxf6 Nxf6 13.a3 Bb7 14.Rh3 Nxe4 15.Nxe4 Bxe4
16.f5 e5 17.Bf3 d5 18.Bxe4 dxe4 19.f6 Bxf6 20.Nf5 O-O 21.Qe2 Qc4 22.Qg4 Rfd8
23.Nxh6+ Kf8 24.Nf5 Rxd1+ 25.Qxd1 Rd8 26.Qe1 Qa2 27.Qb4+ Kg8 {#R} 0-1